000 00347nam a2200145Ia 4500
008 230718s9999 xx 000 0 und d
041 _aEng.
082 _a340.59
_bWAS-P
100 _aWaseer M. Nawaz
245 0 _aprinciples of Muhammdan Law
260 _aPakistan
_bIrfan law book house
_c2008
300 _a346
650 _aLaw
999 _c27814
_d27814